Simon and Schuster's Guide to mushrooms / (Record no. 66356)
[ view plain ]
| 000 -LEADER | |
|---|---|
| fixed length control field | 01109nam a2200337 a 4500 |
| 001 - CONTROL NUMBER | |
| control field | 66356 |
| 003 - CONTROL NUMBER IDENTIFIER | |
| rucl marc code | BD-RjUL |
| 005 - DATE AND TIME OF LATEST TRANSACTION | |
| control field | 20211209081530.0 |
| 008 - FIXED-LENGTH DATA ELEMENTS--GENERAL INFORMATION | |
| fixed length control field | 170315s1981 nyua b 001 0 eng |
| 020 ## - INTERNATIONAL STANDARD BOOK NUMBER | |
| International Standard Book Number | 0671427989 |
| Canceled/invalid ISBN | 0671428489 |
| International Standard Book Number | 0671428497 (pbk.) |
| 035 ## - SYSTEM CONTROL NUMBER | |
| System control number | (BD-RjUL)66486 |
| 040 ## - CATALOGING SOURCE | |
| Original cataloging agency | DLC |
| Transcribing agency | DLC |
| Modifying agency | BD-RjUL |
| Language of cataloging | eng |
| 041 1# - LANGUAGE CODE | |
| Language code of text/sound track or separate title | engita |
| 082 00 - DEWEY DECIMAL CLASSIFICATION NUMBER | |
| Classification number | 579.6 |
| Edition number | 23 |
| Author mark and year | PAG 1981 |
| 100 1# - MAIN ENTRY--PERSONAL NAME | |
| Personal name | Pacioni, Giovanni. |
| 9 (RLIN) | 196374 |
| 245 10 - TITLE STATEMENT | |
| Title | Simon and Schuster's Guide to mushrooms / |
| Statement of responsibility, etc. | by Giovanni Pacioni ; U.S. editor, Gary Lincoff. |
| 260 ## - PUBLICATION, DISTRIBUTION, ETC. (IMPRINT) | |
| Place of publication, distribution, etc. | New York : |
| Name of publisher, distributor, etc. | Simon and Schuster, |
| Date of publication, distribution, etc. | c1981. |
| 300 ## - PHYSICAL DESCRIPTION | |
| Pagination | 511 p. : |
| Illustrations | ill. ; |
| Size | 19 cm. |
| 500 ## - GENERAL NOTE | |
| General note | Includes index. |
| 504 ## - BIBLIOGRAPHY, ETC. NOTE | |
| Bibliography, etc | Bibliography: p. 505. |
| 650 #0 - SUBJECT ADDED ENTRY--TOPICAL TERM | |
| Topical term or geographic name as entry element | Mushrooms |
| General subdivision | Identification. |
| 9 (RLIN) | 196375 |
| Topical term or geographic name as entry element | Mushrooms |
| Geographic subdivision | Europe |
| General subdivision | Identification. |
| 9 (RLIN) | 196376 |
| Topical term or geographic name as entry element | Mushrooms |
| Geographic subdivision | North America |
| General subdivision | Identification. |
| 9 (RLIN) | 196377 |
| 700 1# - ADDED ENTRY--PERSONAL NAME | |
| Personal name | Lincoff, Gary. |
| 856 42 - ELECTRONIC LOCATION AND ACCESS | |
| Materials specified | Publisher description |
| Uniform Resource Identifier | <a href="http://www.loc.gov/catdir/description/simon031/81016605.html">http://www.loc.gov/catdir/description/simon031/81016605.html</a> |
| 942 ## - ADDED ENTRY ELEMENTS (KOHA) | |
| Source of classification or shelving scheme | Dewey Decimal Classification |
| Koha item type | Books |
| Lost status | Source of classification or shelving scheme | Damaged status | Not for loan | Collection code | Permanent Location | Current Location | Shelving location | Date acquired | Source of acquisition | Cost, normal purchase price | Total Checkouts | Full call number | Date last seen | Copy number | Koha item type |
|---|---|---|---|---|---|---|---|---|---|---|---|---|---|---|---|
| Dewey Decimal Classification | Not For Loan | Non-fiction | Central Library, University of Rajshahi | Central Library, University of Rajshahi | Reading Room | 21/07/1997 | Imprial book, Rajshahi | 1332.50 | 579.6 PAG 1981 | 15/03/2017 | C-1 | Books |